Gerald Gardner's I'm in Charge Here! /

محفوظ في:
التفاصيل البيبلوغرافية
المؤلف الرئيسي: Gardner, Gerald C. (autor)
التنسيق: كتاب
اللغة:الإنجليزية
منشور في: Greenwich, EUA : Fawcett, 1968, c1968
الموضوعات:
الوسوم: إضافة وسم
لا توجد وسوم, كن أول من يضع وسما على هذه التسجيلة!

MARC

LEADER 00000nam^a2200000^a^4500
001 000185879
005 20250521000000.0
009 20260310102205.75
037 |a Acervo ITESO - Biblioteca 
041 |a ING 
082 |a 324. 9730923  |b GAR 
100 |a Gardner, Gerald C.  |e (autor) 
245 1 0 |a Gerald Gardner's I'm in Charge Here! /  |c G.C. Gardner. 
264 4 |a Greenwich, EUA :  |b Fawcett,  |c 1968, c1968 
300 |a 1 v. (sin paginación) 
336 |a texto  |b txt  |2 rdacontenido 
337 |a sin mediación  |b n  |2 rdamedio 
338 |a volumen  |b nc  |2 rdasoporte 
649 |a XX 
650 |a Candidatos Políticos Norteamericanos -  |x Fotografías 
650 |a Fotomontaje 
650 |a Caricaturas Políticas 
650 |a Historietas y Caricaturas de Temas Políticos y Sociales 
650 |a Historietas y Caricaturas Norteamericanas 
650 |a Prensa -  |z EUA 
650 |a Medios Impresos -  |z EUA 
650 |a Medios de Comunicación -  |z EUA 
650 |a Comunicación Masiva -  |z EUA 
650 |a Comunicación y Política -  |z EUA 
650 |a Campaña Electoral -  |z EUA -  |x Historia -  |y 1963-1969 
650 |a Elecciones -  |z EUA -  |x Historia -  |y 1963-1969 
650 |a Proceso Político -  |z EUA -  |x Historia -  |y 1963-1969 
650 |a Sistema Político -  |z EUA -  |x Historia -  |y 1963-1969 
650 |a Política -  |z EUA -  |x Historia -  |y 1963-1969 
650 |a EUA -  |x Condiciones Políticas 
650 |a Nixon, Richard 
910 |a Fondo General 
920 |a Impresos - Libros 
930 |a Colección General 
905 |a 101 
901 |a 0500127108  |b IT1  |c ACC  |u 20250521 
902 |a https://opac.biblio.iteso.mx/vufind/Record/000185879